| 000 | 00695nam a2200229Ia 4500 | ||
|---|---|---|---|
| 003 | OSt | ||
| 005 | 20250205122126.0 | ||
| 008 | 210716s2015 xx 000 0 und d | ||
| 020 | _a9788126552825 | ||
| 040 | _cAIMIT LIBRARY | ||
| 041 | _aeng | ||
| 082 |
_a006.671 _24 _bBURB |
||
| 100 |
_aBurd, Barry. _9197808 |
||
| 245 |
_aBeginning programming with java : _bfor dummies / _cBy Barry Burd. |
||
| 250 | _a4th ed | ||
| 260 |
_aNew Delhi : _bWiley India Pvt Ltd , _c2015. |
||
| 300 |
_axiv,453p. ; _bPB _c24 cm |
||
| 650 |
_aWriting your own java programs _9197809 |
||
| 650 |
_aControlling the flow _9197810 |
||
| 650 |
_aUsing program units _9197811 |
||
| 942 |
_2ddc _cBK _e1st _k006.671 BURB |
||
| 999 |
_c194511 _d194511 |
||